| 000 | 00692nam a2200253 a 4500 | ||
|---|---|---|---|
| 001 | nice12345678 | ||
| 003 | IN_TiNIC | ||
| 005 | 20260116013725.0 | ||
| 008 | 050524s1998 lona grp 000 0 eng | ||
| 020 |
_a _c425 |
||
| 082 | 0 | 0 |
_a230 _bCLA |
| 100 | _aClarke, Sathianthan | ||
| 245 |
_aDalits and Christianity _b Subaltern Religion and Liberation Theology in Indi |
||
| 260 |
_aLondan _bOxford University Press _c1998 |
||
| 300 | _a247p | ||
| 500 | _aincludes index and biblioraphy | ||
| 505 | 2 | _aBibliography, Index | |
| 650 | _aCaste-India-Theology | ||
| 650 | _aLiberation-Theology | ||
| 700 | 1 | _aClarke, Sathianthan | |
| 902 | _bSRS | ||
| 942 | _cBK | ||
| 999 |
_c12168 _d12168 |
||